Curves and Surfaces/ (Record no. 211187)

MARC details
000 -LEADER
fixed length control field 00680nam a22002057a 4500
010 ## - LCCN (DPL NO)
LC control number ENG-144809
020 ## - INTERNATIONAL STANDARD BOOK NUMBER
International Standard Book Number 9780821868805
Terms of availability 7982.00
035 ## - SYSTEM CONTROL NUMBER
System control number EN-128341
037 ## - SOURCE OF ACQUISITION
Source of stock number/acquisition DBAD
082 ## - DEWEY DECIMAL CLASSIFICATION NUMBER
Classification number 516.362
Edition number Second
100 ## - MAIN ENTRY--PERSONAL NAME
Personal name Montiel,Sebastian [and] Ros Antonio
245 ## - TITLE STATEMENT
Title Curves and Surfaces/
Statement of responsibility, etc Sebastian Montiel, Antonio Ros, Translated by Sebastian Montiel, Translation Edited by Donald Babbitt
250 ## - EDITION STATEMENT
Edition statement Second
260 ## - PUBLICATION, DISTRIBUTION, ETC. (IMPRINT)
Place of publication, distribution, etc Rhode Island
Name of publisher, distributor, etc American Mathematical Society
Date of publication, distribution, etc 2005
270 ## - ADDRESS
Address Providence,
City Rhode Island
300 ## - PHYSICAL DESCRIPTION
Extent 376p.
Dimensions 24cm.(PB)
490 ## - SERIES STATEMENT
Volume number/sequential designation 69
700 ## - ADDED ENTRY--PERSONAL NAME
Personal name Antonio Ros.
9 (RLIN) 81060
942 ## - ADDED ENTRY ELEMENTS (KOHA)
Source of classification or shelving scheme Dewey Decimal Classification
Item type English Books
Classification part 516.362
Call number suffix Mon

No items available.


© Delhi Public Library
Hit Counter
free hit counter